[Event "V Copa Marcel Duchamp 2022"]
[Site "Montevideo"]
[Date "2022.02.13"]
[Round "3.26"]
[White "Cordero, Daniela"]
[Black "Boabaid, Jorge Alberto Duarde"]
[Result "0-1"]
[WhiteElo "2011"]
[BlackElo "1756"]
[Annotator "NA"]
[PlyCount "76"]
[EventDate "2022.02.12"]
[EventCountry "URU"]
[SourceTitle "playchess.com"]
[Source "ChessBase"]
[SourceQuality "1"]
[TimeControl "5400+30"]

1. d4 {[%emt 0:01:11]} Nf6 {[%emt 0:00:11]} 2. Nf3 {[%emt 0:00:10]} e6 {[%emt 0:00:17]} 3. e3 {[%emt 0:00:05]} d5 {[%emt 0:00:37]} 4. Bd3 {[%emt 0:00:10]} Bd6 {[%emt 0:00:47]} 5. O-O {[%emt 0:00:37]} b6 {[%emt 0:01:19]} 6. c4 {[%emt 0:00:34]} O-O {[%emt 0:01:15]} 7. cxd5 {[%emt 0:00:19]} exd5 {[%emt 0:00:33]} 8. Nc3 {[%emt 0:00:29]} c6 {[%emt 0:02:39]} 9. e4 {[%emt 0:02:22]} dxe4 {[%emt 0:02:12]} 10. Nxe4 {[%emt 0:00:16]} Be7 {[%emt 0:01:04]} 11. Qc2 {[%emt 0:11:30]} h6 {[%emt 0:02:07]} 12. Rd1 {[%emt 0:03:17]} Be6 {[%emt 0:08:58]} 13. a4 {[%emt 0:04:33]} (13. Ne5 $14) 13... Bd5 {[%emt 0:02:43]} 14. a5 {[%emt 0:01:30]} ({White should try} 14. Ne5 $14) 14... Nbd7 {[%emt 0:00:30]} 15. Bf4 {[%emt 0:02:28]} Nxe4 {[%emt 0:01:43]} 16. Bxe4 {[%emt 0:00:07]} Nf6 $11 {[%emt 0:00:29]} 17. Bxd5 {[%emt 0:01:40]} cxd5 {[%emt 0:02:49]} 18. Bc7 {[%emt 0:07:31]} Qd7 {[%emt 0:02:41]} 19. axb6 {[%emt 0:02:32]} axb6 {[%emt 0:00:12]} 20. Rxa8 {[%emt 0:00:46]} Rxa8 {[%emt 0:00:07]} 21. Bxb6 {[%emt 0:00:27]} Ne4 {[%emt 0:06:00]} 22. Bc5 {[%emt 0:04:57]} Bf6 {[%emt 0:03:09]} 23. Nd2 {[%emt 0:05:35]} Ng5 {[%emt 0:05:30]} 24. h3 {[%emt 0:02:08]} Rc8 {[%emt 0:03:38]} 25. Qd3 {[%emt 0:03:02]} Ne6 {[%emt 0:04:09]} 26. b4 {[%emt 0:01:37]} Nf4 {[%emt 0:00:51]} 27. Qa6 {[%emt 0:03:22]} Re8 {[%emt 0:06:31]} 28. Nf3 {[%emt 0:09:12]} Qf5 {[%emt 0:01:53]} 29. Qf1 {[%emt 0:15:36]} Nxh3+ {[%emt 0:07:29]} 30. gxh3 {[%emt 0:00:10]} Qxf3 {[%emt 0:00:08]} 31. Rd3 {[%emt 0:00:15]} Qf4 {[%emt 0:00:56]} 32. b5 {[%emt 0:02:38]} Re6 {[%emt 0:04:20]} 33. Qd1 {[%emt 0:03:57]} Bd8 {[%emt 0:01:09]} 34. Qd2 {[%emt 0:09:57]} Rg6+ {[%emt 0:02:24]} 35. Kf1 {[%emt 0:00:01]} Qh2 {[%emt 0:02:35]} 36. Re3 {[%emt 0:00:28]} Rg1+ {[%emt 0:02:24]} 37. Ke2 {[%emt 0:00:05]} Bh4 {[%emt 0:02:06]} 38. Rf3 {[%emt 0:02:29]} Qg2 {[%emt 0:01:33]} 0-1

[Event "V Copa Marcel Duchamp 2022"]
[Site "Montevideo"]
[Date "2022.02.13"]
[Round "3.30"]
[White "Gaye, Gustavo"]
[Black "Elena, Eduardo"]
[Result "0-1"]
[WhiteElo "1990"]
[BlackElo "1712"]
[Annotator "ChessBase"]
[PlyCount "126"]
[EventDate "2022.02.12"]
[EventCountry "URU"]
[SourceTitle "playchess.com"]
[Source "ChessBase"]
[SourceQuality "1"]
[TimeControl "5400+30"]

1. e4 {[%emt 0:00:49]} c5 {[%emt 0:00:05]} 2. Nc3 {[%emt 0:00:23]} e6 {[%emt 0:00:10]} 3. g3 {[%emt 0:00:40]} a6 {[%emt 0:00:12]} 4. Bg2 {[%emt 0:00:29]} Nc6 {[%emt 0:00:19]} 5. Nge2 {[%emt 0:00:46]} Nf6 {[%emt 0:01:34]} 6. f4 {[%emt 0:01:03]} d6 {[%emt 0:00:42]} 7. O-O {[%emt 0:01:38]} Be7 {[%emt 0:01:32]} 8. h3 {[%emt 0:01:10]} Qc7 {[%emt 0:02:58]} 9. d3 {[%emt 0:00:52]} Bd7 {[%emt 0:03:39]} 10. Be3 {[%emt 0:00:41]} h5 {[%emt 0:03:45]} 11. d4 {[%emt 0:04:16]} cxd4 {[%emt 0:08:23]} 12. Nxd4 {[%emt 0:00:16]} Rc8 {[%emt 0:01:55]} 13. Nb3 {[%emt 0:06:39]} b5 {[%emt 0:03:01]} 14. Rc1 {[%emt 0:12:16]} O-O {[%emt 0:18:35]} 15. g4 {[%emt 0:01:23]} hxg4 {[%emt 0:00:45]} 16. hxg4 {[%emt 0:00:18]} d5 {[%emt 0:02:47]} 17. g5 {[%emt 0:04:40]} Nxe4 {[%emt 0:02:37]} 18. Nxe4 {[%emt 0:00:17]} dxe4 {[%emt 0:00:07]} 19. Bxe4 {[%emt 0:00:36]} Bxg5 {[%emt 0:05:01]} 20. Qh5 {[%emt 0:01:24]} Bh6 {[%emt 0:00:12]} 21. Rf2 {[%emt 0:12:14]} f5 {[%emt 0:03:12]} 22. Bd3 {[%emt 0:03:45]} Rf6 {[%emt 0:03:35]} 23. Rcf1 {[%emt 0:06:23]} Be8 {[%emt 0:02:12]} 24. Qh3 {[%emt 0:01:47]} Ne7 {[%emt 0:02:42]} 25. Nd4 {[%emt 0:10:53]} Nd5 {[%emt 0:03:17]} 26. Bd2 {[%emt 0:01:41]} Rg6+ {[%emt 0:05:07]} 27. Kh1 {[%emt 0:02:07]} Bf7 {[%emt 0:05:28]} 28. Nxf5 {[%emt 0:06:49]} exf5 {[%emt 0:00:55]} 29. Bxf5 {[%emt 0:00:08]} Ne7 {[%emt 0:06:16]} 30. Bxc8 {[%emt 0:01:57]} Bd5+ {[%emt 0:00:26]} 31. Kh2 {[%emt 0:00:37]} Nxc8 {[%emt 0:00:55]} 32. Qc3 {[%emt 0:05:41]} Rc6 {[%emt 0:03:42]} 33. Qd4 {[%emt 0:01:36]} Qf7 {[%emt 0:01:53]} 34. Qe5 {[%emt 0:01:33]} Ne7 {[%emt 0:00:48]} 35. Re1 {[%emt 0:05:21]} Kh7 {[%emt 0:01:59]} 36. Re3 {[%emt 0:02:56]} Ng6 {[%emt 0:02:54]} 37. Qh5 {[%emt 0:01:26]} Rxc2 {[%emt 0:01:30]} 38. Rg3 {[%emt 0:00:40]} Nh8 {[%emt 0:00:37]} 39. Qxf7 {[%emt 0:00:37]} Nxf7 {[%emt 0:00:15]} 40. Kg1 {[%emt 0:00:27]} Rxb2 {[%emt 0:00:25]} 41. Bc3 {[%emt 0:00:52]} Rb1+ {[%emt 0:01:08]} 42. Rf1 {[%emt 0:00:08]} Rxf1+ {[%emt 0:00:42]} 43. Kxf1 {[%emt 0:00:02]} Bxa2 {[%emt 0:00:11]} 44. Ke2 {[%emt 0:00:32]} Nd6 {[%emt 0:00:12]} 45. Be5 {[%emt 0:00:27]} Nc4 {[%emt 0:00:21]} 46. Bd4 {[%emt 0:01:16]} a5 {[%emt 0:00:54]} 47. Kd1 {[%emt 0:00:40]} Nd6 {[%emt 0:00:48]} 48. Rh3 {[%emt 0:00:16]} Nf5 {[%emt 0:00:23]} 49. Be5 {[%emt 0:00:13]} Bc4 {[%emt 0:00:50]} 50. Kc2 {[%emt 0:00:24]} Kg6 {[%emt 0:00:24]} 51. Kc3 {[%emt 0:00:21]} Be6 {[%emt 0:00:33]} 52. Rh1 {[%emt 0:00:54]} Ne3 {[%emt 0:00:47]} 53. Kd4 {[%emt 0:00:51]} Nc4 {[%emt 0:00:21]} 54. Rg1+ {[%emt 0:00:42]} Kf7 {[%emt 0:00:37]} 55. Bc7 {[%emt 0:00:20]} Kf6 {[%emt 0:00:24]} 56. Bd8+ {[%emt 0:00:44]} Kf5 {[%emt 0:00:28]} 57. Bg5 {[%emt 0:00:12]} Nd2 {[%emt 0:00:17]} 58. Kc5 {[%emt 0:00:31]} Bc4 {[%emt 0:00:13]} 59. Bxh6 {[%emt 0:00:41]} gxh6 {[%emt 0:00:20]} 60. Rh1 {[%emt 0:00:02]} Kxf4 {[%emt 0:00:24]} 61. Rxh6 {[%emt 0:00:02]} Ke4 {[%emt 0:00:33]} 62. Rh3 {[%emt 0:00:32]} Nb3+ {[%emt 0:01:57]} 63. Kb6 {[%emt 0:01:28]} a4 {[%emt 0:00:07]} 0-1

[Event "V Copa Marcel Duchamp 2022"]
[Site "Montevideo"]
[Date "2022.02.13"]
[Round "3.31"]
[White "Montiel Caceres, Helen"]
[Black "Escofet, Jaime"]
[Result "0-1"]
[WhiteElo "1625"]
[BlackElo "1981"]
[Annotator "NA"]
[PlyCount "78"]
[EventDate "2022.02.12"]
[EventCountry "URU"]
[SourceTitle "playchess.com"]
[Source "ChessBase"]
[SourceQuality "1"]
[TimeControl "5400+30"]

1. d4 {[%emt 0:12:13]} Nf6 {[%emt 0:00:06]} 2. c4 {[%emt 0:00:03]} c5 {[%emt 0:00:06]} 3. d5 {[%emt 0:00:02]} b5 {[%emt 0:00:05]} 4. Qc2 {[%emt 0:00:03]} d6 {[%emt 0:00:58]} 5. e4 {[%emt 0:00:10]} b4 {[%emt 0:00:51]} 6. f4 {[%emt 0:01:18]} Nbd7 {[%emt 0:00:55]} 7. Nf3 {[%emt 0:00:06]} g6 {[%emt 0:00:04]} 8. e5 {[%emt 0:02:42]} dxe5 {[%emt 0:00:07]} 9. fxe5 {[%emt 0:00:04]} Nh5 {[%emt 0:02:40]} 10. g4 {[%emt 0:00:31]} Ng7 {[%emt 0:00:06]} 11. Qe4 {[%emt 0:00:02]} Bb7 {[%emt 0:00:30]} 12. Ng5 {[%emt 0:20:12]} f6 {[%emt 0:00:30]} 13. Nxh7 {[%emt 0:00:30]} Nxe5 {[%emt 0:04:10]} 14. Bf4 {[%emt 0:00:54]} Rxh7 {[%emt 0:08:12]} 15. Bxe5 {[%emt 0:00:06]} Kf7 {[%emt 0:00:39]} 16. Bd3 {[%emt 0:00:42]} Rh6 {[%emt 0:02:55]} 17. g5 {[%emt 0:03:32]} fxg5 {[%emt 0:01:00]} 18. Bf4 {[%emt 0:07:05]} gxf4 {[%emt 0:00:51]} 19. Qxf4+ {[%emt 0:00:05]} Nf5 {[%emt 0:00:16]} 20. Bxf5 {[%emt 0:00:04]} gxf5 {[%emt 0:00:15]} 21. Qxf5+ {[%emt 0:00:09]} Rf6 {[%emt 0:03:28]} 22. Qh5+ {[%emt 0:00:06]} Kg8 {[%emt 0:00:06]} 23. Rg1+ {[%emt 0:00:09]} Bg7 {[%emt 0:00:04]} 24. Nd2 {[%emt 0:00:06]} Qd6 {[%emt 0:11:30]} 25. Ne4 {[%emt 0:01:20]} Qf4 {[%emt 0:00:10]} 26. Nxf6+ {[%emt 0:01:11]} Qxf6 {[%emt 0:00:05]} 27. Qe2 {[%emt 0:00:35]} Ba6 {[%emt 0:08:34]} 28. O-O-O {[%emt 0:15:45]} Rf8 {[%emt 0:08:12]} 29. Rdf1 {[%emt 0:04:01]} Qh6+ {[%emt 0:00:19]} 30. Kb1 {[%emt 0:00:17]} Rxf1+ {[%emt 0:00:11]} 31. Rxf1 {[%emt 0:00:36]} Qd6 {[%emt 0:04:24]} 32. Re1 {[%emt 0:01:52]} Qf6 {[%emt 0:00:27]} 33. Rc1 {[%emt 0:05:11]} Bc8 {[%emt 0:01:35]} 34. Rg1 {[%emt 0:06:21]} a5 {[%emt 0:00:24]} 35. Kc1 {[%emt 0:01:58]} a4 {[%emt 0:00:36]} 36. Rf1 {[%emt 0:03:50]} Qg5+ {[%emt 0:00:53]} 37. Kb1 {[%emt 0:00:10]} Bf5+ {[%emt 0:01:26]} 38. Rxf5 {[%emt 0:00:49]} Qxf5+ {[%emt 0:00:08]} 39. Qc2 {[%emt 0:00:08]} Qe5 {[%emt 0:02:25]} 0-1

[Event "V Copa Marcel Duchamp 2022"]
[Site "Montevideo"]
[Date "2022.02.13"]
[Round "3.32"]
[White "Benitez, Andres"]
[Black "Griselka, Diego"]
[Result "1-0"]
[WhiteElo "1978"]
[BlackElo "1685"]
[Annotator "NA"]
[PlyCount "81"]
[EventDate "2022.02.12"]
[EventCountry "URU"]
[SourceTitle "playchess.com"]
[Source "ChessBase"]
[SourceQuality "1"]
[TimeControl "5400+30"]

1. e4 c6 2. d4 {[%emt 0:00:33]} d5 {[%emt 0:04:21]} 3. e5 {[%emt 0:00:05]} Bf5 {[%emt 0:00:07]} 4. h4 {[%emt 0:00:10]} h5 {[%emt 0:00:08]} 5. Bd3 Bxd3 {[%emt 0:02:08]} 6. Qxd3 {[%emt 0:00:57]} e6 {[%emt 0:00:09]} 7. Bg5 {[%emt 0:00:07]} Be7 {[%emt 0:01:14]} 8. Nf3 {[%emt 0:00:28]} Nd7 {[%emt 0:00:31]} 9. Nbd2 {[%emt 0:02:53]} Bxg5 {[%emt 0:10:28]} 10. hxg5 {[%emt 0:02:36]} Ne7 {[%emt 0:00:23]} 11. Nf1 {[%emt 0:03:54]} Qb6 {[%emt 0:00:31]} 12. b3 {[%emt 0:01:18]} c5 {[%emt 0:00:54]} 13. c3 {[%emt 0:11:41]} cxd4 {[%emt 0:02:58]} 14. cxd4 {[%emt 0:00:17]} Qb4+ {[%emt 0:00:10]} 15. N1d2 {[%emt 0:00:33]} Rc8 {[%emt 0:00:11]} 16. O-O {[%emt 0:04:16]} Rc3 {[%emt 0:02:45]} 17. Qe2 {[%emt 0:12:29]} Nf5 {[%emt 0:03:21]} 18. Nb1 {[%emt 0:04:03]} Rc6 {[%emt 0:03:02]} 19. Qd3 {[%emt 0:06:19]} O-O {[%emt 0:01:15]} 20. g6 {[%emt 0:05:40]} fxg6 {[%emt 0:02:19]} 21. a3 {[%emt 0:06:54]} Qb6 {[%emt 0:00:32]} 22. Ra2 {[%emt 0:03:15]} Rfc8 {[%emt 0:00:31]} 23. Rd2 {[%emt 0:01:10]} Qc7 {[%emt 0:01:46]} 24. Ng5 {[%emt 0:00:51]} Nf8 {[%emt 0:02:03]} 25. Rdd1 {[%emt 0:04:24]} Nh7 {[%emt 0:01:58]} 26. Nh3 {[%emt 0:01:28]} Qe7 {[%emt 0:04:26]} 27. Nf4 {[%emt 0:13:28]} Kf7 {[%emt 0:04:44]} 28. Ne2 {[%emt 0:01:23]} Ng5 {[%emt 0:02:06]} 29. f3 {[%emt 0:00:35]} h4 {[%emt 0:00:51]} 30. b4 {[%emt 0:02:30]} Nh7 {[%emt 0:03:21]} 31. f4 {[%emt 0:01:00]} g5 {[%emt 0:00:53]} 32. Qf3 {[%emt 0:01:29]} Kg6 {[%emt 0:03:25]} 33. Nd2 {[%emt 0:07:16]} Nh6 {[%emt 0:02:15]} 34. g4 {[%emt 0:01:50]} hxg3 {[%emt 0:01:25]} 35. Nxg3 {[%emt 0:00:20]} g4 {[%emt 0:00:36]} 36. Qh1 {[%emt 0:00:42]} Kf7 {[%emt 0:02:42]} 37. f5 {[%emt 0:00:15]} exf5 {[%emt 0:05:10]} 38. Nxf5 {[%emt 0:00:53]} Nxf5 {[%emt 0:11:28]} 39. Qxh7 {[%emt 0:00:28]} Rh6 {[%emt 0:00:34]} 40. Qxf5+ {[%emt 0:00:28]} Kg8 {[%emt 0:00:10]} 41. Qxc8+ {[%emt 0:00:10]} 1-0

[Event "V Copa Marcel Duchamp 2022"]
[Site "Montevideo"]
[Date "2022.02.13"]
[Round "3.33"]
[White "Dabraccio, Guillermo"]
[Black "Araque, Jairo"]
[Result "0-1"]
[WhiteElo "1591"]
[BlackElo "1970"]
[Annotator "NA"]
[PlyCount "49"]
[EventDate "2022.02.12"]
[EventCountry "URU"]
[SourceTitle "playchess.com"]
[Source "ChessBase"]
[SourceQuality "1"]
[TimeControl "5400+30"]

1. d4 Nf6 2. c4 e6 3. Nf3 d5 4. Nc3 Be7 5. Bf4 a6 6. e3 dxc4 7. Bxc4 b5 8. Bd3 Bb7 9. O-O O-O 10. a3 Nbd7 11. Rc1 c5 12. Ne5 Rc8 13. Nxd7 Nxd7 14. dxc5 Nxc5 15. Bb1 Qxd1 16. Rfxd1 Nb3 17. Rc2 Rfd8 18. f3 g5 19. Be5 f6 20. Ba2 fxe5 21. Bxb3 Kf7 22. Rcd2 Bc5 23. Bc2 h6 24. Ne4 Bb6 25. Kf2 0-1

[Event "V Copa Marcel Duchamp 2022"]
[Site "Montevideo"]
[Date "2022.02.13"]
[Round "3.34"]
[White "Nejanky, Maisa"]
[Black "Areeb, Jazy"]
[Result "1-0"]
[WhiteElo "1948"]
[BlackElo "1665"]
[Annotator "NA"]
[PlyCount "139"]
[EventDate "2022.02.12"]
[EventCountry "URU"]
[SourceTitle "playchess.com"]
[Source "ChessBase"]
[SourceQuality "1"]
[TimeControl "5400+30"]

1. e4 {[%emt 0:00:03]} c5 {[%emt 0:00:15]} 2. Nf3 {[%emt 0:00:07]} d6 {[%emt 0:00:10]} 3. d4 {[%emt 0:00:17]} cxd4 {[%emt 0:00:13]} 4. Nxd4 {[%emt 0:00:06]} Nf6 {[%emt 0:00:10]} 5. Nc3 {[%emt 0:00:05]} a6 {[%emt 0:00:17]} 6. h3 {[%emt 0:00:13]} e5 {[%emt 0:01:54]} 7. Nde2 {[%emt 0:00:06]} Be7 {[%emt 0:00:44]} 8. g4 {[%emt 0:00:32]} h6 {[%emt 0:02:15]} 9. Be3 {[%emt 0:02:54]} Be6 {[%emt 0:05:05]} 10. Bg2 {[%emt 0:00:18]} Nbd7 {[%emt 0:01:59]} 11. O-O {[%emt 0:13:29]} O-O {[%emt 0:02:55]} 12. Nd5 {[%emt 0:01:19]} Nc5 {[%emt 0:06:46]} 13. Ng3 {[%emt 0:02:34]} Nxd5 {[%emt 0:04:35]} 14. exd5 $14 {[%emt 0:00:08]} Bd7 {[%emt 0:00:16]} 15. Bxc5 {[%emt 0:47:07]} dxc5 {[%emt 0:00:51]} 16. d6 {[%emt 0:04:40]} Bh4 {[%emt 0:05:02]} 17. Bxb7 {[%emt 0:08:28]} Bb5 {[%emt 0:07:48]} 18. Re1 {[%emt 0:03:57]} Rb8 {[%emt 0:00:25]} 19. Bg2 {[%emt 0:00:54]} Bxg3 {[%emt 0:00:21]} 20. fxg3 {[%emt 0:00:07]} Qf6 {[%emt 0:01:23]} 21. Qd5 {[%emt 0:06:25]} Rfd8 {[%emt 0:03:18]} 22. Rad1 {[%emt 0:02:38]} Rb6 {[%emt 0:02:24]} 23. Qxe5 {[%emt 0:04:33]} Qxe5 {[%emt 0:00:07]} 24. Rxe5 {[%emt 0:00:06]} Rbxd6 {[%emt 0:00:16]} 25. Rxd6 {[%emt 0:00:42]} Rxd6 {[%emt 0:00:08]} 26. Bd5 {[%emt 0:00:47]} Kf8 {[%emt 0:01:34]} 27. c4 {[%emt 0:00:35]} Bc6 {[%emt 0:00:52]} 28. Bxc6 {[%emt 0:00:23]} Rxc6 {[%emt 0:00:02]} 29. Kf2 {[%emt 0:00:18]} f6 {[%emt 0:00:02]} 30. Rd5 {[%emt 0:00:16]} Ke7 {[%emt 0:00:09]} 31. Kf3 {[%emt 0:00:35]} Rc8 {[%emt 0:01:50]} 32. h4 {[%emt 0:00:50]} g6 {[%emt 0:00:08]} 33. Kf4 {[%emt 0:00:48]} Ke6 {[%emt 0:00:33]} 34. Ke4 {[%emt 0:00:34]} a5 {[%emt 0:00:28]} 35. h5 {[%emt 0:00:20]} g5 {[%emt 0:01:53]} 36. Rd3 {[%emt 0:00:21]} a4 {[%emt 0:00:50]} 37. Ra3 {[%emt 0:00:30]} Rb8 {[%emt 0:00:30]} 38. Rxa4 Rxb2 {[%emt 0:00:04]} 39. Ra6+ {[%emt 0:00:34]} Ke7 {[%emt 0:00:20]} 40. Kd5 {[%emt 0:00:17]} Rg2 {[%emt 0:00:49]} 41. Ra7+ {[%emt 0:00:15]} Kd8 {[%emt 0:00:55]} 42. Ra3 {[%emt 0:01:24]} Rf2 {[%emt 0:01:09]} 43. Kxc5 {[%emt 0:00:34]} f5 {[%emt 0:00:11]} 44. gxf5 {[%emt 0:00:15]} Rxf5+ {[%emt 0:00:11]} 45. Kd6 {[%emt 0:00:11]} Rf6+ {[%emt 0:00:39]} 46. Ke5 {[%emt 0:00:11]} Rc6 {[%emt 0:00:11]} 47. Kd5 {[%emt 0:00:11]} Rf6 {[%emt 0:00:18]} 48. c5 {[%emt 0:00:13]} Rf5+ {[%emt 0:00:24]} 49. Kd6 {[%emt 0:00:09]} Rf6+ {[%emt 0:00:25]} 50. Ke5 {[%emt 0:00:08]} Rc6 {[%emt 0:00:13]} 51. Kd5 {[%emt 0:00:16]} Rf6 {[%emt 0:00:42]} 52. c6 {[%emt 0:00:43]} Kc7 {[%emt 0:00:47]} 53. Ra7+ {[%emt 0:00:18]} Kb8 {[%emt 0:00:05]} 54. Rb7+ {[%emt 0:00:40]} Kc8 {[%emt 0:00:07]} 55. Rh7 {[%emt 0:01:43]} g4 {[%emt 0:02:03]} 56. Rg7 {[%emt 0:00:58]} Rf5+ {[%emt 0:00:57]} 57. Kd6 {[%emt 0:00:08]} Rf6+ {[%emt 0:00:02]} 58. Kc5 {[%emt 0:00:10]} Rf2 {[%emt 0:01:02]} 59. Rxg4 {[%emt 0:00:59]} Rxa2 {[%emt 0:00:13]} 60. Rg6 {[%emt 0:00:08]} Rg2 {[%emt 0:00:32]} 61. Kd5 {[%emt 0:01:26]} Rd2+ {[%emt 0:00:22]} 62. Ke4 {[%emt 0:00:19]} Kc7 {[%emt 0:01:01]} 63. Rxh6 {[%emt 0:00:10]} Re2+ {[%emt 0:00:08]} 64. Kf3 {[%emt 0:00:15]} Re5 {[%emt 0:00:03]} 65. g4 {[%emt 0:00:09]} Re1 {[%emt 0:00:23]} 66. g5 {[%emt 0:00:23]} Rg1 {[%emt 0:00:05]} 67. g6 {[%emt 0:00:30]} Kxc6 {[%emt 0:00:50]} 68. g7+ {[%emt 0:00:10]} Kd7 {[%emt 0:00:05]} 69. Rg6 {[%emt 0:00:05]} Rxg6 {[%emt 0:01:44]} 70. hxg6 {[%emt 0:00:06]} 1-0

[Event "V Copa Marcel Duchamp 2022"]
[Site "Montevideo"]
[Date "2022.02.13"]
[Round "3.36"]
[White "Rodriguez Farias, Eduardo"]
[Black "Reolon, Victor"]
[Result "1-0"]
[WhiteElo "1931"]
[BlackElo "1630"]
[Annotator "NA"]
[PlyCount "42"]
[EventDate "2022.02.12"]
[EventCountry "URU"]
[SourceTitle "playchess.com"]
[Source "ChessBase"]
[SourceQuality "1"]
[TimeControl "5400+30"]

1. e4 c5 2. c3 {[%emt 0:00:00]} Nc6 {[%emt 0:03:07]} 3. d4 {[%emt 0:00:08]} cxd4 {[%emt 0:00:05]} 4. cxd4 {[%emt 0:00:30]} d6 {[%emt 0:00:30]} 5. h3 {[%emt 0:00:30]} Nf6 {[%emt 0:01:13]} 6. Nc3 {[%emt 0:03:16]} g6 {[%emt 0:01:39]} 7. Nf3 {[%emt 0:03:08]} Bg7 {[%emt 0:00:22]} 8. Bc4 {[%emt 0:00:14]} O-O {[%emt 0:01:33]} 9. O-O {[%emt 0:00:19]} a6 {[%emt 0:06:52]} 10. a4 {[%emt 0:01:07]} Qc7 {[%emt 0:01:50]} 11. Qe2 {[%emt 0:00:59]} b6 {[%emt 0:03:58]} 12. e5 {[%emt 0:03:39]} dxe5 {[%emt 0:03:37]} 13. dxe5 {[%emt 0:01:17]} Ne8 {[%emt 0:05:54]} 14. Nd5 {[%emt 0:01:20]} Qb7 {[%emt 0:03:06]} 15. Bf4 {[%emt 0:02:30]} e6 {[%emt 0:00:37]} 16. Nc3 {[%emt 0:00:23]} Nb4 {[%emt 0:05:36]} 17. Rfd1 {[%emt 0:03:36]} Nc7 {[%emt 0:00:30]} 18. Bg3 {[%emt 0:00:30]} Ra7 {[%emt 0:00:30]} 19. Ne4 {[%emt 0:00:30]} Ncd5 {[%emt 0:00:30]} 20. Nd6 {[%emt 0:00:30]} Qa8 {[%emt 0:00:30]} 21. Rac1 {[%emt 0:00:30]} Bh6 {[%emt 0:00:30]} 1-0

[Event "V Copa Marcel Duchamp 2022"]
[Site "Montevideo"]
[Date "2022.02.14"]
[Round "4.1"]
[White "Roselli Mailhe, Bernardo"]
[Black "Delgado Ramirez, Neuris"]
[Result "1/2-1/2"]
[WhiteElo "2426"]
[BlackElo "2615"]
[Annotator "TA"]
[PlyCount "60"]
[EventDate "2022.02.12"]
[EventCountry "URU"]
[SourceTitle "playchess.com"]
[Source "ChessBase"]
[SourceQuality "1"]

{[%evp 15,60,35,38,8,8,6,0,6,37,8,9,9,8,24,25,19,44,39,42,39,36,41,40,36,45,44,63,31,59,54,56,49,45,50,72,54,68,56,64,69,94,94,76,0,86,0,69]} 1. d4 Nf6 2. c4 e6 3. Nf3 b6 4. g3 Ba6 5. b3 Bb7 6. Bg2 Bb4+ 7. Bd2 c5 $1 {[%mdl 4] is more profitable than 7...a5 at the moment.} 8. O-O O-O 9. Nc3 {[%cal Od4d5] E15: Queen's Indian: 4 g3 sidelines, 4 g3 Ba6 and 4 g3 Bb7 early deviations.} cxd4 10. Nxd4 Bxg2 11. Kxg2 a6 {[#]} 12. Ne4 $146 ({Predecessor:} 12. Qc2 Be7 13. Rad1 Qc8 14. e4 Qb7 15. f3 d6 16. Be3 Nbd7 17. Rc1 Rfe8 18. Rfd1 {½-½ (55) Desforges,J (2235)-Li,W (2096) Kingston 2019}) 12... Be7 13. Nxf6+ Bxf6 14. Bb4 Re8 15. Rc1 Qc7 16. Nf3 Nc6 17. Bd6 Qb7 18. e4 Be7 19. Re1 Bxd6 20. Qxd6 Rad8 21. Rcd1 Ne7 22. Rd3 Nc8 23. Qf4 d6 24. Red1 Qc6 25. Kg1 {White is much more active.} e5 26. Qe3 Rd7 27. h4 Qc5 28. Qd2 Qc6 29. Qe3 Qc5 $1 30. Qd2 Qc6 $1 {Weighted Error Value: White=0.15 (very precise) /Black=0.08 (flawless)} 1/2-1/2

[Event "V Copa Marcel Duchamp 2022"]
[Site "Montevideo"]
[Date "2022.02.14"]
[Round "4.2"]
[White "Hungaski, Robert"]
[Black "Valerga, Diego"]
[Result "1-0"]
[WhiteElo "2537"]
[BlackElo "2431"]
[Annotator "TA"]
[PlyCount "53"]
[EventDate "2022.02.12"]
[EventCountry "URU"]
[SourceTitle "playchess.com"]
[Source "ChessBase"]
[SourceQuality "1"]

{[%evp 16,52,26,0,0,0,0,-18,4,0,37,24,19,37,72,70,61,45,51,32,71,73,70,31,24,20,66,0,13,14,7,8,10,11,897,893,29998,29999,29999]} 1. d4 Nf6 2. c4 e6 3. Nc3 Bb4 4. a3 Bxc3+ 5. bxc3 c5 6. f3 d5 7. cxd5 Nxd5 8. dxc5 f5 9. Nh3 (9. c4 $5 {[%cal Rc4d5]} Qf6 10. Bg5 (10. cxd5 Qxa1 11. Qd2 O-O $17) 10... Qxg5 11. cxd5 $11) 9... Qa5 {E25: Nimzo-Indian: Sämisch: 5...c5 6 f3 d5 7 cxd5.} 10. e4 fxe4 11. fxe4 {And now Qh5+ would win.} Nf6 {To avoid Qh5+. The position is equal.} 12. Be2 {[#]} Qxc5 $146 ({Predecessor:} 12... O-O 13. O-O Nc6 14. Qd3 Qxc5+ 15. Be3 Qe7 16. Qc4 Ne5 17. Qc5 Qxc5 18. Bxc5 Re8 {½-½ (48) Flom,G (2494)-Levin,E (2504) Chefchaouen 2019}) 13. Qd4 Qxd4 14. cxd4 Nxe4 15. O-O Nf6 16. Nf4 {White is more active.} Nc6 {[%cal Bb8c6,Bc6d4,Bd4c2,Bc2e3][%mdl 32]} 17. Bc4 Nxd4 18. Bb2 {A strong pair of Bishops.} Nc2 19. Rac1 Ne3 20. Bxe6 {Black must now prevent Rf3.} Bxe6 (20... Nxf1 $11 21. Bxc8 Nd2) 21. Rfe1 ({Better is} 21. Rf3 $1 $14 Nfd5 22. Nxe6) 21... Ned5 22. Rxe6+ Kf7 {[#]} 23. Rxf6+ Nxf6 24. Rc7+ Kg8 $2 {[%mdl 8192]} (24... Ke8 $11) 25. Bxf6 $18 {White threatens Ne6 and mate.} gxf6 {[#]} 26. Ne6 $1 {[%csl Ge6][%cal Rc7g7]} Re8 27. Rg7# {Weighted Error Value: White=0.13 (very precise) /Black=0.43} 1-0